Loading...
| Social Science | 0 | 1 | 0 | 0 | 10 | 62 | 62.00 | 0 | 0 | 4.08 | 12.50 |
| Literature - British | 0 | 1 | 0 | 0 | 10 | 111 | 111.00 | 0 | 0 | 0.00 | 3.03 |
| Literature - European | 0 | 1 | 0 | 0 | 10 | 113 | 113.00 | 0 | 0 | 1.00 | 1.52 |
| Literature - World | 0 | 1 | 0 | 0 | 10 | 73 | 73.00 | 0 | 0 | 2.83 | 3.03 |
| Philosophy | 0 | 1 | 0 | 0 | 10 | 110 | 110.00 | 0 | 0 | 0.00 | 2.08 |
| Popular Culture | 0 | 1 | 0 | 0 | 10 | 91 | 91.00 | 0 | 0 | 3.45 | 3.64 |
| Science - Other | 0 | 1 | 0 | 1 | 10 | 41 | 41.00 | 0 | 0 | 5.64 | 4.96 |
| Science - Physics | 0 | 1 | 0 | 0 | 10 | 86 | 86.00 | 0 | 0 | 1.85 | 0.76 |
| Science - Biology | 0 | 1 | 1 | 0 | 5 | 68 | 68.00 | 0 | 0 | 2.51 | 1.52 |
| Geography | 0 | 0 | 0 | 0 | 0 | 0.00 | 0 | 0 | 0.00 | 0.00 |